| 000 | 00637nam a2200193 a 4500 | ||
|---|---|---|---|
| 001 | 000044112 | ||
| 005 | 20201002045144.0 | ||
| 008 | 140516s1994 sp 001 0 spa d | ||
| 020 | _a8420606960 | ||
| 040 |
_aDO-SdBNP _bspa _cBNPHU |
||
| 100 | 1 |
_aMora, Francisco _q(Mora Teruel) _972110 |
|
| 245 | 1 | 0 |
_aDiccionario de Neurociencias / _cFrancisco Mora y Ana María Sanguinetti. |
| 260 |
_aMadrid : _bAlianza Editorial, _c1994. |
||
| 300 |
_a399 p. ; _c19 cm. |
||
| 490 | 1 |
_aEl Libro de bolsillo _v1696 |
|
| 504 | _aBibliografía : p. p. 397-398 | ||
| 700 | 1 | 2 |
_aSanguinetti, Ana María. _972111 |
| 830 | 0 |
_aEl Libro de bolsillo _v1696 _94072 |
|
| 999 |
_c43601 _d43601 |
||